Operations management / (Record no. 15200)

000 -LEADER
fixed length control field 00718nam a2200229Ia 4500
020 ## - INTERNATIONAL STANDARD BOOK NUMBER
ISBN 0536804664
020 ## - INTERNATIONAL STANDARD BOOK NUMBER
ISBN 9780536804662
040 ## - CATALOGING SOURCE
Transcribing agency KSU
082 ## - DEWEY DECIMAL CLASSIFICATION NUMBER
Classification number 658 RUS 2003 A055 Or.
100 1# - MAIN ENTRY--AUTHOR NAME
Personal name Russell, Roberta S
245 10 - TITLE STATEMENT
Title Operations management /
250 ## - EDITION STATEMENT
Edition statement Custom edition
300 ## - PHYSICAL DESCRIPTION
Number of Pages xx, 824 pages :
Other physical details color illustrations ;
Dimensions 25 cm
500 ## - GENERAL NOTE
General note "Custom edition for Kent State University"--Title page
500 ## - GENERAL NOTE
General note Taken from Operations management, fourth edition / Roberta S. Russell and Bernard W. Taylor III
650 #0 - SUBJECT ADDED ENTRY--TOPICAL TERM
Topical Term Production management
650 #0 - SUBJECT ADDED ENTRY--TOPICAL TERM
Topical Term Quality control
700 1# - ADDED ENTRY--PERSONAL NAME
Personal name Taylor, Bernard W.,
700 1# - ADDED ENTRY--PERSONAL NAME
Personal name Russell, Roberta S.
700 1# - ADDED ENTRY--PERSONAL NAME
Personal name Taylor, Bernard W.,
942 ## - ADDED ENTRY ELEMENTS (KOHA)
Koha item type សៀវភៅភាសាអង់គ្លេស
952 ## - LOCATION AND ITEM INFORMATION (KOHA)
Withdrawn status [LOCAL, KOHA] 0
Holdings
Permanent Location Date acquired Koha item type Lost status Shelving location Barcode Current Location Full call number
Library Block A2017-11-13សៀវភៅភាសាអង់គ្លេស A055A07616Library Block A658 RUS 2003 A055 Or.
មជ្ឈមណ្ឌលឯការនៃសាកលវិទ្យាល័យភូមិន្ទកសិកម្មចំការដូង

Powered by Koha